Git Pocket Guide /

Salvato in:
Dettagli Bibliografici
Autore principale: Silverman, Richard E. (Autore)
Natura: Libro
Lingua:inglese
Pubblicazione: Sebastopol O ´Reilly 2013
Tags: Aggiungi Tag
Nessun Tag, puoi essere il primo ad aggiungerne!!

MARC

LEADER 00000nam a22000003a 4500
001 0069891
003 SK-STU
005 20181217131319.7
007 ta
008 181217s ----xo-----e------000-0-----d
020 |a 978-1-449-32586-2 
040 |a STU  |b slo 
041 0 |a eng 
044 |a xxu 
100 1 |a Silverman, Richard E.  |4 aut 
245 1 0 |a Git Pocket Guide /  |c aut. Richard E Silverman 
260 |a Sebastopol  |b O ´Reilly  |c 2013 
300 |a 215 s. 
996 |b 284M088069  |c M* 14203-1  |l MMKN  |s A  |a 24  |w 0069891_0001